000 00707nam a2200253 i 4500
001 C2-0231237
003 PPAK
005 20180728084328.0
008 001115s1982 my a|||| ||||| | may d
022 _a0126-8988
040 _aPPAK
_beng
_cPPAK
_erda
082 0 4 _a959.5118
_223
090 0 0 _a959.5118
_bJUR
_dKMI
090 0 0 _a959.5118
_bJUR
_dKSI
245 0 0 _aJurnal sejarah Melaka
264 1 _aMelaka :
_bPersatuan Sejarah Malaysia Cawangan Melaka ,
_c1982
300 _a103 pages :
_billustrations ;
_c26 cm
336 _2rdacontent
_atext
337 _2rdamedia
_aunmediated
338 _2rdacarrier
_avolume
500 _aBil. 7, 1982
650 1 0 _aHistory - Periodicals.
942 _ddc
_cB
999 _c150669
_d150669